| 000 | 00712nam a22002297a 4500 | ||
|---|---|---|---|
| 003 | UA-OsUOA | ||
| 001 | 47385 | ||
| 007 | ta | ||
| 008 | 20120613b un ||||| |||| 00| 0 ukr d | ||
| 090 |
_a82-1 _bЛ72 |
||
| 942 | _cBK | ||
| 040 |
_aUA-OsUOA _bukr _cUA-OsUOA _dUA-OsUOA |
||
| 245 | _aЛоза. Мала антологія молодої української лірики. | ||
| 300 | _a142 с. | ||
| 955 | _a3 | ||
| 041 | _aukr | ||
| 080 | _a82-1 | ||
| 260 |
_aРіо-де-Жанейро. _c2009 |
||
| 650 | 7 |
_a82 Література. Літературознавство _2UDC |
|
| 999 |
_c427490 _d427490 |
||